[Event "MVP-ch Seniors op 11th"]
[Site "Binz"]
[Date "2011.12.01"]
[Round "2.72"]
[White "Girod, Gudrun"]
[Black "Rehbein, Hans Juergen"]
[Result "1/2-1/2"]
[WhiteElo "1296"]
[BlackElo "1606"]
[PlyCount "37"]
[EventDate "2011.11.30"]
[EventType "swiss"]
[EventRounds "9"]
[EventCountry "GER"]
[SourceTitle "EXT 2013"]
[Source "ChessBase"]
[SourceDate "2012.11.22"]
[SourceVersion "1"]
[SourceVersionDate "2012.11.22"]
[SourceQuality "1"]

1. d4 Nf6 2. Bf4 d5 3. h3 g6 4. e3 Bg7 5. Nf3 0-0 6. Be2 Nbd7 7. Nbd2 c5 8. c3 c4 9. 0-0 Nh5 10. Bh2 f5 11. Ne5 Bxe5 12. dxe5 Ng7 13. Nf3 Nc5 14. Rb1 b5 15. Nd4 a6 16. b3 Bb7 17. Rc1 e6 18. Qc2 Qc7 19. Bf4 1/2-1/2

[Event "Mecklenburg VP LL2 Ost 1011"]
[Site "Mecklenburg VP"]
[Date "2011.04.10"]
[Round "9.6"]
[White "Sack, Reinhard"]
[Black "Rehbein, Hans Juergen"]
[Result "0-1"]
[WhiteElo "1468"]
[BlackElo "1713"]
[PlyCount "102"]
[EventDate "2010.10.10"]
[EventType "team-tourn"]
[EventRounds "9"]
[EventCountry "GER"]
[SourceTitle "EXT 2022"]
[Source "ChessBase"]
[SourceDate "2021.10.06"]
[SourceVersion "1"]
[SourceVersionDate "2021.10.06"]
[SourceQuality "1"]
[WhiteTeam "Warnemuende SF Ostsee II"]
[BlackTeam "Neubrandenburg SG Eintracht II"]
[WhiteTeamCountry "GER"]
[BlackTeamCountry "GER"]

1. d4 Nf6 2. c4 g6 3. Nc3 Bg7 4. Nf3 d6 5. h3 0-0 6. e4 c5 7. d5 Na6 8. Be2 Bd7 9. 0-0 Qc8 10. Bf4 Nh5 11. Bh2 f5 12. Ng5 Nf6 13. e5 dxe5 14. Bxe5 h6 15. Nf3 Ne8 16. Qd2 Kh7 17. Rad1 Nd6 18. Bxg7 Kxg7 19. Ne5 Nc7 20. f4 Nce8 21. Rf3 Nf6 22. Rg3 Be8 23. Bd3 Kh7 24. Re1 Ng8 25. b3 a6 26. Nf3 Rf7 27. Nh4 Rg7 28. Re5 Bd7 29. Nd1 Qf8 30. Nf2 Qf6 31. Nf3 Nf7 32. Re1 Re8 33. Ne5 Nxe5 34. fxe5 Qh4 35. Rf3 Qg5 36. Qe2 Bc8 37. Nd1 f4 38. Nc3 Bf5 39. Ne4 Bxe4 40. Bxe4 Rf8 41. d6 exd6 42. exd6 Rd8 43. Qd2 Qf6 44. Rd1 Qe5 45. Rxf4 Nf6 46. Bf3 Rgd7 47. Rh4 g5 48. Qd3+ Kg7 49. Bh5 Nxh5 50. Rxh5 Rxd6 51. Rxg5+ hxg5 0-1

[Event "Mecklenburg VP LL2 Ost 0910"]
[Site "Mecklenburg VP"]
[Date "2010.04.11"]
[Round "9.5"]
[White "Rehbein, Hans Juergen"]
[Black "Pererva, Viktor"]
[Result "0-1"]
[WhiteElo "1714"]
[BlackElo "1637"]
[PlyCount "48"]
[EventDate "2009.10.18"]
[EventType "team-tourn"]
[EventRounds "9"]
[EventCountry "GER"]
[SourceTitle "EXT 2016"]
[Source "ChessBase"]
[SourceDate "2015.10.08"]
[SourceVersion "1"]
[SourceVersionDate "2015.10.08"]
[SourceQuality "1"]
[WhiteTeam "Neubrandenburg SG Eintracht II"]
[BlackTeam "Rostock SSC 07 III"]
[WhiteTeamCountry "GER"]
[BlackTeamCountry "GER"]

1. b4 e6 2. Bb2 Nf6 3. b5 d5 4. e3 c5 5. c4 Be7 6. Nf3 Nbd7 7. Nc3 0-0 8. Qb3 d4 9. Nd1 e5 10. d3 Qc7 11. e4 b6 12. Be2 Bb7 13. 0-0 h6 14. h3 Nh7 15. Nh2 f5 16. exf5 Rxf5 17. Bg4 Rf6 18. Qc2 Ng5 19. Bc1 Ne6 20. Bxe6+ Rxe6 21. f4 Rg6 22. g4 exf4 23. Nf2 Rf6 24. Qe2 f3 0-1

[Event "Mecklenburg VP LL2 Ost 0910"]
[Site "Mecklenburg VP"]
[Date "2010.03.21"]
[Round "8.6"]
[White "Rehbein, Hans Juergen"]
[Black "Lewerenz, Heinz"]
[Result "1-0"]
[WhiteElo "1714"]
[BlackElo "1611"]
[PlyCount "97"]
[EventDate "2009.10.18"]
[EventType "team-tourn"]
[EventRounds "9"]
[EventCountry "GER"]
[SourceTitle "EXT 2016"]
[Source "ChessBase"]
[SourceDate "2015.10.08"]
[SourceVersion "1"]
[SourceVersionDate "2015.10.08"]
[SourceQuality "1"]
[WhiteTeam "Neubrandenburg SG Eintracht II"]
[BlackTeam "Stralsund FHSG II"]
[WhiteTeamCountry "GER"]
[BlackTeamCountry "GER"]

1. b4 d5 2. Bb2 Nd7 3. e3 Ngf6 4. c4 dxc4 5. Bxc4 e5 6. b5 Bd6 7. Nc3 0-0 8. Qc2 Qe7 9. Nge2 Nb6 10. Bd3 Bd7 11. a4 g6 12. Ne4 Nxe4 13. Bxe4 Bc8 14. a5 Nd7 15. Nc3 Nf6 16. Nd5 Nxd5 17. Bxd5 Rb8 18. 0-0 Bd7 19. Qd3 Rfd8 20. Rfc1 a6 21. bxa6 bxa6 22. Ba3 Bb5 23. Qb3 Rdc8 24. Bxd6 cxd6 25. Rxc8+ Rxc8 26. h3 Kg7 27. Qb2 Qc7 28. d4 Qc3 29. Qxc3 Rxc3 30. dxe5 dxe5 31. g4 Kf6 32. h4 Ke7 33. Kh2 Kf6 34. g5+ Ke7 35. Kg3 Rc5 36. Bb3 Bc4 37. Rc1 Rxa5 38. Rxc4 Kd6 39. Ra4 Rxa4 40. Bxa4 Ke7 41. Kf3 f6 42. Ke4 Kf7 43. Bb3+ Kg7 44. Kd5 fxg5 45. hxg5 h6 46. gxh6+ Kxh6 47. Kxe5 g5 48. Kf5 Kh5 49. e4 1-0

[Event "Mecklenburg VP LL2 Ost 0910"]
[Site "Mecklenburg VP"]
[Date "2009.10.18"]
[Round "1.6"]
[White "Luther, Alexander"]
[Black "Rehbein, Hans Juergen"]
[Result "1/2-1/2"]
[WhiteElo "1621"]
[BlackElo "1714"]
[PlyCount "75"]
[EventDate "2009.10.18"]
[EventType "team-tourn"]
[EventRounds "9"]
[EventCountry "GER"]
[SourceTitle "EXT 2016"]
[Source "ChessBase"]
[SourceDate "2015.10.08"]
[SourceVersion "1"]
[SourceVersionDate "2015.10.08"]
[SourceQuality "1"]
[WhiteTeam "Guestrow/Teterow"]
[BlackTeam "Neubrandenburg SG Eintracht II"]
[WhiteTeamCountry "GER"]
[BlackTeamCountry "GER"]

1. e4 Nf6 2. e5 Nd5 3. c4 Nb6 4. d4 d6 5. exd6 exd6 6. Nf3 Bg4 7. b3 Nc6 8. Bb2 Qe7+ 9. Qe2 Bxf3 10. gxf3 Qxe2+ 11. Bxe2 0-0-0 12. 0-0 Re8 13. Re1 Be7 14. d5 Nb4 15. Na3 Bg5 16. Bc3 Bf6 17. Bxf6 gxf6 18. f4 Kd8 19. Bh5 Rhg8+ 20. Kf1 Rxe1+ 21. Rxe1 Re8 22. Bxf7 Rxe1+ 23. Kxe1 Nd3+ 24. Kf1 Nxf4 25. Nb5 a6 26. Nd4 Ke7 27. Bg8 h6 28. Ne6 Nxe6 29. Bxe6 c5 30. Kg2 Kf8 31. Kg3 Kg7 32. Bf5 h5 33. Kh4 Kh6 34. f4 Na8 35. Be6 Kg6 36. f5+ Kh6 37. Bf7 Nc7 38. Bxh5 1/2-1/2

[Event "Mecklenburg VP LL2 Ost 0809"]
[Site "Mecklenburg VP"]
[Date "2009.02.01"]
[Round "6.3"]
[White "Krueger, Thomas"]
[Black "Rehbein, Hans Juergen"]
[Result "1-0"]
[WhiteElo "1811"]
[BlackElo "1708"]
[PlyCount "73"]
[EventDate "2008.09.28"]
[EventType "team-tourn"]
[EventRounds "9"]
[EventCountry "GER"]
[SourceTitle "EXT 2022"]
[Source "ChessBase"]
[SourceDate "2021.10.06"]
[SourceVersion "1"]
[SourceVersionDate "2021.10.06"]
[SourceQuality "1"]
[WhiteTeam "Warnemuende SF Ostsee II"]
[BlackTeam "Neubrandenburg SG Eintracht II"]
[WhiteTeamCountry "GER"]
[BlackTeamCountry "GER"]

1. d4 Nf6 2. Nf3 d6 3. c4 g6 4. Nc3 Bg7 5. e4 Bg4 6. Be2 Nbd7 7. Be3 0-0 8. Qc2 c6 9. 0-0 Qc7 10. h3 Bxf3 11. Bxf3 a6 12. a4 Rac8 13. Rfd1 c5 14. d5 b6 15. Be2 Kh8 16. f4 Ng8 17. Bd3 Rfe8 18. Rac1 Nf8 19. Qf2 Nd7 20. b3 f6 21. g4 Rf8 22. Qg3 Rf7 23. Kg2 Rcf8 24. Ne2 Re8 25. h4 e5 26. f5 Nf8 27. Rh1 h5 28. Qf3 hxg4 29. Qxg4 Nh6 30. Bxh6 Bxh6 31. Rcf1 Rg7 32. Kf3 Qf7 33. Rfg1 Kh7 34. Rg3 Nd7 35. Rhg1 Reg8 36. fxg6+ Rxg6 37. Qf5 1-0